000 00320nam a2200133Ia 4500
008 230718s9999 xx 000 0 und d
041 _aeng
082 _a355.02
_bTZU
100 _aTzu Sun
_9124972
245 _aArt Of War
365 _cRs.
_b195.00
700 _aTzu Sun
_9124972
906 _dB:362716-Mar-2007
_cOTH
_b39
999 _c316322
_d316322